000 00460nam a2200193Ia 4500
005 20250603144556.0
008 250603s9999 xx 000 0 und d
020 _a9781840761177
050 _aSB 975 .H45/
100 _aHelyer, Neil
245 0 _aBiological control in plant protection: a color handbook
250 _a2nd ed.
260 _aNew York
260 _bCRC Press
260 _c2014
300 _a262 p
650 _aNew York
942 _cBK
999 _c39326
_d39326